Land Investment & Politics: reconfiguring eastern Africa's pastoral drylands (Record no. 7488)

MARC details
000 -LEADER
fixed length control field 00653nam a22002177a 4500
003 - CONTROL NUMBER IDENTIFIER
control field OSt
005 - DATE AND TIME OF LATEST TRANSACTION
control field 20211116111714.0
008 - FIXED-LENGTH DATA ELEMENTS--GENERAL INFORMATION
fixed length control field 211116b ||||| |||| 00| 0 eng d
020 ## - INTERNATIONAL STANDARD BOOK NUMBER
International Standard Book Number 9781847012494
040 ## - CATALOGING SOURCE
Transcribing agency DDC
082 ## - DEWEY DECIMAL CLASSIFICATION NUMBER
Classification number 362.5 LAN 2020
100 ## - MAIN ENTRY--PERSONAL NAME
Personal name Edited by Jeremy, Linda; Doris, Okenwa; Ian Scoones
9 (RLIN) 15345
245 ## - TITLE STATEMENT
Title Land Investment & Politics: reconfiguring eastern Africa's pastoral drylands
260 ## - PUBLICATION, DISTRIBUTION, ETC. (IMPRINT)
Place of publication, distribution, etc. New York
Name of publisher, distributor, etc. James Currey
Date of publication, distribution, etc. 2020
300 ## - PHYSICAL DESCRIPTION
Extent xiv,208p;
Other physical details ill:
Dimensions 21.5cm
504 ## - BIBLIOGRAPHY, ETC. NOTE
Bibliography, etc References, & Index included
650 ## - SUBJECT ADDED ENTRY--TOPICAL TERM
Topical term or geographic name as entry element Lands
9 (RLIN) 15346
650 ## - SUBJECT ADDED ENTRY--TOPICAL TERM
Topical term or geographic name as entry element Investments
9 (RLIN) 7657
650 ## - SUBJECT ADDED ENTRY--TOPICAL TERM
Topical term or geographic name as entry element Politics
9 (RLIN) 5723
942 ## - ADDED ENTRY ELEMENTS (KOHA)
Source of classification or shelving scheme Dewey Decimal Classification
Koha item type Open Shelf
Holdings
Withdrawn status Lost status Source of classification or shelving scheme Damaged status Not for loan Home library Current library Date acquired Source of acquisition Inventory number Total Checkouts Full call number Barcode Date last seen Koha item type
    Dewey Decimal Classification     MUST Main Library MUST Main Library 16/11/2021 Purchase 21/41703   362.5 LAN 2020 2021-1721 16/11/2021 Open Shelf